Statistiche per Tennisti con più vittorie al Torneo di Wimbledon

Clicka qui per fare il quiz!

Statistiche generali

  • Questo quiz è stato fatto 14 volte
  • Il punteggio medio è 7 su 9

Statistiche sulle risposte

NazioneNumero vittorieTennista% Corretto
Serbia92Novak Djokovic
100%
Svizzera105Roger Federer
100%
Svezia51Björn Borg
79%
Spagna58Rafael Nadal
79%
Regno Unito61Andy Murray
64%
Stati Uniti59John McEnroe
64%
Stati Uniti63Pete Sampras
64%
Germania Ovest / Germania71Boris Becker
57%
Stati Uniti84Jimmy Connors
43%

Distribuzione punteggi

Percentile per numero di risposta

Percentuale di utenti per punteggio

I tuoi punteggi nel tempo

Non hai fatto questo quiz